000 01152cam a22003251 4500
999 _c129284
_d129284
001 6596296
003 ARRUPE
005 20190328112027.0
008 720112s1966 enkb b 000 0 eng
010 _a 66003955
035 _a(OCoLC)203896
040 _aDLC
_cOYU
_dOCoLC
_dDLC
042 _apremarc
050 0 0 _aGN659.F5
_bW5
082 _a390.096782
100 1 _aWillis, Roy G.
_938573
245 1 4 _aThe Fipa and related peoples of south-west Tanzania and north-east Zambia,
_cby Roy G. Willis.
260 _aLondon,
_bInternational African Institute,
_c1966.
300 _a82 p.
_bfold. map.
_c24 cm.
440 0 _aEthnographic Survey of Africa: East Central Africa,
_vpt. 14
_945478
504 _aBibliography: p. 74-77.
650 0 _aFipa (African people)
_945479
650 0 _aEthnology
_zTanzania.
_938173
650 0 _aEthnology
_zZambia.
_919464
710 2 _aInternational African Institute.
_93663
906 _a7
_bcbc
_coclcrpl
_du
_encip
_f19
_gy-gencatlg
942 _2lcc
_cMONOGRAPH